000 00419nam a2200145Ia 4500
008 090124s9999 xx 000 0 und d
082 _b133760
_a102888
245 _a खायच्या गोष्टी
250 _a1
260 _bपै शिरीष
_c2006
300 _a102
630 _a खायच्या गोष्टी
730 _a खायच्या गोष्टी
942 _cBOOK
999 _c180071
_d180071